000 00342 a2200157 4500
001 168941
020 _a
040 _cMagnum
100 _aSilva, Rita de Cassia S.
240 1 0 _aCabral discovers maiara
_lING
245 1 0 _aCabral discovers maiara
362 0 _a1899
440 1 _aFTD
697 _aLITERATURA ESTRANGEIRA
942 _cBK
999 _c168941
_d168941